000 00257nam a22001217a 4500
008 170207b xxu||||| |||| 00| 0 eng d
041 _aeng
080 _a61
100 _a4
101 _aSHM
245 _aGAMUTS PEARLS IN MRI
_cPOMERANZ .J
942 _2udc
_cBK
999 _c4839
_d4839